Battle For Bikini Bottom - All Spatula Names - Statistics

General Stats
  • This quiz has been taken 58 times
    36 since last reset
  • The average score is 39 of 84
Answer Stats
Answer % Correct
On Top of the Pineapple
96%
SpongeBobs Closet
92%
Annoy Squidward
88%
Defeat King Jellyfish
88%
Come Back with the Cruise Bubble
75%
On Top of Shady Shoals
75%
Ambush at the Tree Dome
71%
Infestation at the Krusty Krab
71%
Cowa Bungee
67%
On Top of Chum Bucket
67%
Beat Bubble Buddys Time
63%
Beat Mrs Puffs Time
63%
Extreme Bungee
63%
Here You Go
63%
Rumble At The Poseidome
63%
Save the Children
63%
Beat Larrys Time
58%
Drain the Lake
58%
Get to the Museum
58%
Navigate the Canyons and Mesas
58%
Over the Moat
58%
Patricks Dilemma
58%
Swingin Sandy
58%
Across the Rooftops
54%
A Wall Jump in the Bucket
54%
Connect the Towers
54%
Defeat Prawn
54%
Defeat Robots on Sand Mountain
54%
Frosty Bungee
54%
Kelp Vine Slide
54%
Slip and Slide Under the Pier
54%
Spelunking
54%
Through the Sea Caves
54%
Tower Bungee
54%
Ambush in the Lighthouse
50%
A Path Through the Goo
50%
Beat Mermaid Mans Time
50%
Defeat Robots on Flounder Hill
50%
Defeat the Flying Dutchman
50%
How in Tarnation Do You Get There
50%
Learn Sandys Moves
50%
Return the Museums Art
50%
Shipwreck Bungee
50%
The Small Shall Rule
50%
Across the Dreamscape
46%
Find All the Lost Campers
46%
Follow the Bouncing Ball
46%
Kah Rah Tae
46%
King of the Castle
46%
Shut Down the Security System
46%
Top of the Hill
46%
Complete the Rolling Ball Room
42%
Defeat Robots on Guppy Mound
42%
Tikis Go Boom
42%
Top of the Lodge
42%
End of the Road
38%
Stop the Plundering Robots
38%
The Spinning Towers of Power
38%
Destroy the Robot Ship
33%
Get Aloft There Matey
33%
Lasers Are Fun and Good For You
33%
Music Is in the Ear of the Beholder
33%
Robo Patrick Ahoy
33%
Super Bounce
33%
Through the Kelp Caves
33%
Top of the Entrance Area
33%
Top of the Entrance Area
33%
Clean out the Bumper Boats
29%
Goo Tanker Ahoy
29%
The Funnel Machines
29%
Slide Leap
25%
Slip Sliding Away
25%
Swingers Ahoy
25%
Tiki Roundup
25%
Top of the Security Tunnel
25%
Across the Trench of Darkness
21%
Down in the Swamp
21%
Power Crystal Crisis
21%
Slidin Texas Style
21%
Swing Along Spatula
21%
Through the Woods
21%
Top of the Computer Area
17%
Krabby Patty Platforms
13%
Top of the Stack of Ships
13%
No matching quizzes found
Score Distribution
Percent of People with Each Score
Percentile by Number Answered
Your Score History
You have not taken this quiz since the last reset